header

100% condom use programme in entertainment establishments (Record no. 175008)

MARC details
000 -LEADER
fixed length control field 01386nam a2200337Ia 4500
245 00 - TITLE STATEMENT
Title 100% condom use programme in entertainment establishments
260 ## - PUBLICATION, DISTRIBUTION, ETC. (IMPRINT)
Place of publication Manila :
Name of publisher WHO Regional Office for the West Pacific,
Year of publication 2000.
300 ## - PHYSICAL DESCRIPTION
Number of Pages iii, 36 p. :
Other physical details ill.
650 #0 - SUBJECT ADDED ENTRY--TOPICAL TERM
Topical Term Condoms.
Topical Term Prostitution.
Topical Term Sexually transmitted diseases
856 40 - ELECTRONIC LOCATION AND ACCESS
Uniform Resource Identifier http://site.ebrary.com/lib/rucke/Doc?id=10306275

No items available.

© 2026 Rongo University
Contact us: librarian | system librarian | Rongo university